[Event "VIII Iberoamericano Mexico 2022"]
[Site "Mexico City"]
[Date "2022.02.17"]
[Round "6.45"]
[White "Torres Rivas, Felipe de Jesus"]
[Black "Gutierrez Herrera, Jose Antonio"]
[Result "1-0"]
[WhiteElo "1845"]
[BlackElo "2059"]
[Annotator "NA"]
[PlyCount "225"]
[EventDate "2022.02.12"]
[EventType "swiss"]
[EventCountry "MEX"]
[SourceTitle "playchess.com"]
[Source "ChessBase"]
[SourceQuality "1"]
[TimeControl "5400+30"]

1. d4 {[%emt 0:03:03]} Nf6 {[%emt 0:00:15]} 2. c4 {[%emt 0:00:35]} e6 {[%emt 0:00:13]} 3. Nf3 {[%emt 0:00:09]} d5 {[%emt 0:01:31]} 4. g3 {[%emt 0:00:08]} Be7 {[%emt 0:02:24]} 5. Bg2 {[%emt 0:00:29]} O-O {[%emt 0:00:09]} 6. O-O {[%emt 0:00:04]} b6 {[%emt 0:00:32]} 7. cxd5 {[%emt 0:00:42]} exd5 {[%emt 0:00:20]} 8. Nc3 {[%emt 0:00:21]} Bb7 {[%emt 0:00:20]} 9. b3 {[%emt 0:05:50]} Nbd7 {[%emt 0:05:33]} 10. Bb2 {[%emt 0:00:07]} c6 {[%emt 0:06:13]} 11. Rc1 {[%emt 0:00:31]} Re8 {[%emt 0:01:15]} 12. Qc2 {[%emt 0:00:46]} Bd6 {[%emt 0:00:43]} 13. Rfe1 {[%emt 0:05:31]} Qe7 {[%emt 0:03:01]} 14. Nh4 {[%emt 0:02:48]} Bb4 {[%emt 0:09:32]} 15. Nf5 {[%emt 0:18:04]} Qf8 {[%emt 0:02:38]} 16. Ra1 {[%emt 0:17:30]} g6 {[%emt 0:10:35]} 17. Nh4 {[%emt 0:00:11]} Ne4 {[%emt 0:00:50]} 18. a3 {[%emt 0:07:36]} Bxc3 {[%emt 0:06:48]} 19. Bxc3 {[%emt 0:00:07]} Nxc3 {[%emt 0:00:07]} 20. Qxc3 {[%emt 0:00:02]} Qg7 {[%emt 0:00:07]} 21. b4 {[%emt 0:09:31]} Nf6 {[%emt 0:03:57]} 22. Nf3 {[%emt 0:03:37]} Ne4 {[%emt 0:00:15]} 23. Qb3 {[%emt 0:01:50]} Qf6 {[%emt 0:00:29]} 24. e3 {[%emt 0:03:03]} Re7 {[%emt 0:03:16]} 25. Rac1 {[%emt 0:01:00]} Ba6 {[%emt 0:08:02]} 26. Qc2 {[%emt 0:00:45]} Bb7 {[%emt 0:04:12]} 27. Ne5 {[%emt 0:11:05]} Qe6 {[%emt 0:24:48]} 28. Nxc6 {[%emt 0:05:29]} Rc7 {[%emt 0:00:09]} 29. b5 {[%emt 0:00:04]} Bxc6 {[%emt 0:00:08]} 30. bxc6 {[%emt 0:00:07]} Rac8 {[%emt 0:00:02]} 31. Bxe4 {[%emt 0:01:11]} dxe4 {[%emt 0:00:03]} 32. Qa4 {[%emt 0:00:14]} Rxc6 {[%emt 0:00:06]} 33. Rxc6 {[%emt 0:00:13]} Qxc6 {[%emt 0:00:10]} 34. Qxa7 {[%emt 0:00:43]} Ra8 {[%emt 0:02:44]} 35. Qe7 {[%emt 0:00:05]} Qc3 {[%emt 0:00:10]} 36. Rb1 {[%emt 0:00:30]} Qd3 {[%emt 0:00:37]} 37. Qb4 {[%emt 0:00:31]} Rxa3 {[%emt 0:00:29]} 38. Qxb6 {[%emt 0:00:18]} Ra6 {[%emt 0:00:31]} 39. Qb8+ {[%emt 0:00:06]} Kg7 {[%emt 0:00:07]} 40. Qe5+ {[%emt 0:02:19]} Kh6 {[%emt 0:00:16]} 41. Qb5 {[%emt 0:01:43]} Qc2 {[%emt 0:01:31]} 42. Rf1 {[%emt 0:01:34]} Rf6 {[%emt 0:00:14]} 43. Qe5 {[%emt 0:00:46]} Rf5 {[%emt 0:00:11]} 44. Qe7 {[%emt 0:00:24]} Kg7 {[%emt 0:00:16]} 45. h4 {[%emt 0:00:40]} h5 {[%emt 0:00:09]} 46. Qd7 {[%emt 0:00:25]} Qd3 {[%emt 0:00:42]} 47. Qb7 {[%emt 0:00:28]} Rf3 {[%emt 0:00:37]} 48. Qb1 {[%emt 0:00:37]} Qxb1 {[%emt 0:01:24]} 49. Rxb1 {[%emt 0:00:00]} Kf6 {[%emt 0:00:01]} 50. Rb6+ {[%emt 0:00:20]} Ke7 {[%emt 0:00:03]} 51. Rb5 {[%emt 0:00:39]} f6 {[%emt 0:01:13]} 52. Kf1 {[%emt 0:00:18]} Ke6 {[%emt 0:00:48]} 53. Ke2 {[%emt 0:00:11]} Ke7 {[%emt 0:01:01]} 54. Rb7+ {[%emt 0:00:05]} Kf8 {[%emt 0:00:20]} 55. Rc7 {[%emt 0:01:48]} Kg8 {[%emt 0:00:49]} 56. Re7 {[%emt 0:00:12]} Rf5 {[%emt 0:02:18]} 57. Rxe4 {[%emt 0:00:13]} Kf7 {[%emt 0:00:05]} 58. g4 {[%emt 0:00:49]} Ra5 {[%emt 0:00:08]} 59. gxh5 {[%emt 0:00:07]} Rxh5 {[%emt 0:00:25]} 60. Rg4 {[%emt 0:00:24]} f5 {[%emt 0:00:35]} 61. Rf4 {[%emt 0:00:26]} Ke6 {[%emt 0:00:02]} 62. Kf3 {[%emt 0:00:57]} Rh8 {[%emt 0:00:49]} 63. Kg3 {[%emt 0:00:11]} Ra8 {[%emt 0:00:29]} 64. Rf3 {[%emt 0:00:47]} Rh8 {[%emt 0:00:24]} 65. Rf4 {[%emt 0:01:03]} Kd5 {[%emt 0:01:24]} 66. Kf3 {[%emt 0:00:33]} Rf8 {[%emt 0:00:49]} 67. Ke2 {[%emt 0:00:23]} Rh8 {[%emt 0:00:41]} 68. Kd3 {[%emt 0:00:14]} Ke6 {[%emt 0:00:13]} 69. e4 {[%emt 0:00:52]} Ra8 {[%emt 0:00:17]} 70. exf5+ {[%emt 0:00:28]} gxf5 {[%emt 0:00:10]} 71. h5 {[%emt 0:00:05]} Ra3+ {[%emt 0:00:15]} 72. Kc4 {[%emt 0:00:14]} Rh3 {[%emt 0:00:07]} 73. Kc5 {[%emt 0:01:15]} Rxh5 {[%emt 0:00:12]} 74. Rf3 {[%emt 0:00:28]} f4+ {[%emt 0:01:28]} 75. Kc4 {[%emt 0:00:31]} Rf5 {[%emt 0:00:52]} 76. Ra3 {[%emt 0:00:10]} Kd6 {[%emt 0:00:15]} 77. Ra6+ {[%emt 0:00:09]} Kd7 {[%emt 0:00:03]} 78. Rh6 {[%emt 0:00:15]} f3 {[%emt 0:00:21]} 79. Kd3 {[%emt 0:00:14]} Rf7 {[%emt 0:00:25]} 80. Ke4 {[%emt 0:00:16]} Kc7 {[%emt 0:01:34]} 81. Rh3 {[%emt 0:00:53]} Kd6 {[%emt 0:00:08]} 82. Rxf3 {[%emt 0:00:10]} Re7+ {[%emt 0:00:08]} 83. Kd3 {[%emt 0:00:00]} Re1 {[%emt 0:00:09]} 84. Re3 {[%emt 0:00:38]} Rf1 {[%emt 0:00:16]} 85. Ke2 {[%emt 0:01:40]} Ra1 {[%emt 0:00:02]} 86. Re5 {[%emt 0:00:57]} Ra3 {[%emt 0:00:09]} 87. Rb5 {[%emt 0:00:25]} Ke6 {[%emt 0:00:09]} 88. f3 {[%emt 0:00:22]} Kd6 {[%emt 0:00:13]} 89. Kf2 {[%emt 0:00:51]} Rd3 {[%emt 0:00:30]} 90. Rb4 {[%emt 0:00:11]} Ke6 {[%emt 0:00:44]} 91. Kg3 {[%emt 0:00:08]} Kf5 {[%emt 0:00:23]} 92. Rb5+ {[%emt 0:00:04]} Ke6 {[%emt 0:00:07]} 93. Re5+ {[%emt 0:01:19]} Kf6 {[%emt 0:00:07]} 94. Rd5 {[%emt 0:00:45]} Ke6 {[%emt 0:00:14]} 95. Re5+ {[%emt 0:00:02]} Kf6 {[%emt 0:00:09]} 96. Re4 {[%emt 0:00:01]} Kf5 {[%emt 0:00:08]} 97. Kf2 {[%emt 0:01:10]} Ra3 {[%emt 0:00:08]} 98. Ke2 {[%emt 0:00:43]} Ra2+ {[%emt 0:00:19]} 99. Kd3 {[%emt 0:00:30]} Ra3+ {[%emt 0:00:11]} 100. Kc4 {[%emt 0:00:05]} Rxf3 {[%emt 0:00:09]} 101. Re1 {[%emt 0:00:33]} Ra3 {[%emt 0:01:22]} 102. d5 {[%emt 0:00:18]} Kf6 {[%emt 0:02:19]} 103. d6 {[%emt 0:00:36]} Ra2 {[%emt 0:00:19]} 104. Kc5 {[%emt 0:00:18]} Rc2+ {[%emt 0:00:37]} 105. Kb6 {[%emt 0:00:13]} Rb2+ {[%emt 0:00:07]} 106. Kc7 {[%emt 0:00:03]} Rc2+ {[%emt 0:00:09]} 107. Kd8 {[%emt 0:00:14]} Rd2 {[%emt 0:00:13]} 108. Kd7 {[%emt 0:01:56]} Rh2 {[%emt 0:01:53]} 109. Kc7 {[%emt 0:00:41]} Rc2+ {[%emt 0:00:10]} 110. Kd8 {[%emt 0:00:04]} Rd2 {[%emt 0:00:31]} 111. d7 {[%emt 0:00:04]} Kf7 {[%emt 0:00:16]} 112. Rf1+ {[%emt 0:00:34]} Kg7 {[%emt 0:02:09]} 113. Rc1 {[%emt 0:00:09]} 1-0

[Event "VIII Iberoamericano Mexico 2022"]
[Site "Mexico City"]
[Date "2022.02.17"]
[Round "6.46"]
[White "Trejo Alonso, Rodrigo Alberto"]
[Black "Fernandez Rivero, Karla July"]
[Result "0-1"]
[WhiteElo "1696"]
[BlackElo "2025"]
[Annotator "NA"]
[PlyCount "52"]
[EventDate "2022.02.12"]
[EventType "swiss"]
[EventCountry "MEX"]
[SourceTitle "playchess.com"]
[Source "ChessBase"]
[SourceQuality "1"]
[TimeControl "5400+30"]

1. Nf3 {[%emt 0:17:38]} Nf6 {[%emt 0:00:42]} 2. g3 {[%emt 0:00:28]} e6 {[%emt 0:00:33]} 3. Bg2 {[%emt 0:00:22]} d5 {[%emt 0:00:22]} 4. O-O {[%emt 0:00:16]} Be7 {[%emt 0:01:07]} 5. c4 {[%emt 0:00:12]} dxc4 {[%emt 0:00:23]} 6. Qa4+ {[%emt 0:01:00]} c6 {[%emt 0:01:06]} 7. Qxc4 {[%emt 0:00:06]} b5 {[%emt 0:00:14]} 8. Qc2 {[%emt 0:00:24]} Bb7 {[%emt 0:01:13]} 9. d3 {[%emt 0:02:04]} c5 {[%emt 0:03:21]} 10. Nc3 {[%emt 0:02:15]} a6 {[%emt 0:00:43]} 11. Bf4 {[%emt 0:03:33]} Nc6 {[%emt 0:05:38]} 12. a3 {[%emt 0:00:25]} Rc8 {[%emt 0:01:44]} 13. Ne5 {[%emt 0:04:26]} Nd4 {[%emt 0:03:41]} 14. Qd1 {[%emt 0:00:08]} Bxg2 {[%emt 0:08:55]} 15. Kxg2 {[%emt 0:00:06]} Nd5 {[%emt 0:00:33]} 16. e4 {[%emt 0:01:39]} Nxf4+ {[%emt 0:04:59]} 17. gxf4 {[%emt 0:00:10]} O-O {[%emt 0:00:27]} 18. Kh1 {[%emt 0:01:53]} f6 {[%emt 0:05:15]} 19. Nf3 {[%emt 0:01:32]} f5 {[%emt 0:03:51]} 20. Nxd4 {[%emt 0:03:18]} cxd4 {[%emt 0:03:59]} 21. Ne2 {[%emt 0:00:20]} fxe4 {[%emt 0:00:25]} 22. dxe4 {[%emt 0:00:14]} d3 {[%emt 0:01:28]} 23. Ng3 Rxf4 {[%emt 0:00:42]} 24. Qd2 {[%emt 0:00:36]} Rf8 {[%emt 0:02:20]} 25. Rac1 {[%emt 0:03:15]} Rxc1 {[%emt 0:00:28]} 26. Rxc1 {[%emt 0:00:09]} Bg5 {[%emt 0:00:14]} 0-1

[Event "VIII Iberoamericano Mexico 2022"]
[Site "Mexico City"]
[Date "2022.02.17"]
[Round "6.47"]
[White "Macias Zamora, Jose Armando"]
[Black "Martin Del Campo C., Jorge"]
[Result "1/2-1/2"]
[WhiteElo "1488"]
[BlackElo "2019"]
[Annotator "NA"]
[PlyCount "57"]
[EventDate "2022.02.12"]
[EventType "swiss"]
[EventCountry "MEX"]
[SourceTitle "playchess.com"]
[Source "ChessBase"]
[SourceQuality "1"]
[TimeControl "5400+30"]

1. e4 {[%emt 0:00:04]} c5 {[%emt 0:00:09]} 2. Nf3 {[%emt 0:00:05]} e6 {[%emt 0:00:08]} 3. d4 {[%emt 0:00:21]} cxd4 {[%emt 0:00:09]} 4. Nxd4 {[%emt 0:00:25]} a6 {[%emt 0:00:08]} 5. Nc3 {[%emt 0:00:19]} Qc7 {[%emt 0:00:23]} 6. a3 {[%emt 0:02:16]} b5 {[%emt 0:01:23]} 7. Bd3 {[%emt 0:14:02]} Nc6 {[%emt 0:01:44]} 8. Nxc6 {[%emt 0:00:17]} dxc6 {[%emt 0:03:24]} 9. O-O {[%emt 0:01:46]} Nf6 {[%emt 0:01:32]} 10. Qe2 {[%emt 0:15:48]} Be7 {[%emt 0:00:12]} 11. e5 {[%emt 0:01:04]} Nd7 {[%emt 0:15:31]} 12. f4 {[%emt 0:02:58]} Nc5 {[%emt 0:01:47]} 13. Ne4 {[%emt 0:01:09]} Nxe4 {[%emt 0:19:03]} 14. Bxe4 {[%emt 0:00:52]} g6 {[%emt 0:01:25]} 15. Kh1 {[%emt 0:07:42]} Bb7 {[%emt 0:00:13]} 16. Bd2 {[%emt 0:06:40]} c5 {[%emt 0:00:31]} 17. Bxb7 {[%emt 0:03:41]} Qxb7 {[%emt 0:00:09]} 18. Ba5 {[%emt 0:00:11]} O-O {[%emt 0:03:08]} 19. Rad1 {[%emt 0:06:48]} Bd8 {[%emt 0:03:27]} 20. Bxd8 {[%emt 0:01:23]} Rfxd8 {[%emt 0:00:09]} 21. Rd6 {[%emt 0:02:05]} Rxd6 {[%emt 0:01:59]} 22. exd6 {[%emt 0:00:03]} Rd8 {[%emt 0:00:08]} 23. Rd1 {[%emt 0:00:48]} Qc6 {[%emt 0:00:11]} 24. Qe5 {[%emt 0:01:07]} a5 {[%emt 0:02:50]} 25. c3 {[%emt 0:10:53]} b4 {[%emt 0:01:25]} 26. axb4 {[%emt 0:01:36]} axb4 {[%emt 0:00:12]} 27. cxb4 {[%emt 0:01:21]} cxb4 {[%emt 0:00:10]} 28. h3 {[%emt 0:01:08]} h5 {[%emt 0:03:00]} 29. Qd4 {[%emt 0:02:29]} 1/2-1/2

[Event "VIII Iberoamericano Mexico 2022"]
[Site "Mexico City"]
[Date "2022.02.17"]
[Round "6.48"]
[White "Garcia de Dios, Jose Antonio"]
[Black "Salazar Moreno, Rafael"]
[Result "1/2-1/2"]
[WhiteElo "2145"]
[BlackElo "1778"]
[Annotator "NA"]
[PlyCount "79"]
[EventDate "2022.02.12"]
[EventType "swiss"]
[EventCountry "MEX"]
[SourceTitle "playchess.com"]
[Source "ChessBase"]
[SourceQuality "1"]
[TimeControl "5400+30"]

1. d4 {[%emt 0:03:33]} d5 {[%emt 0:01:03]} 2. c4 {[%emt 0:00:19]} e6 {[%emt 0:01:23]} 3. Nc3 {[%emt 0:00:39]} Nf6 {[%emt 0:00:39]} 4. cxd5 {[%emt 0:00:31]} exd5 {[%emt 0:00:14]} 5. Bg5 {[%emt 0:00:32]} c6 {[%emt 0:01:59]} 6. e3 {[%emt 0:01:25]} Be7 {[%emt 0:03:06]} 7. Bd3 {[%emt 0:01:02]} Be6 {[%emt 0:04:54]} 8. Nge2 {[%emt 0:07:47]} Nbd7 {[%emt 0:05:57]} 9. O-O {[%emt 0:05:34]} O-O {[%emt 0:03:42]} 10. Qc2 {[%emt 0:02:17]} Re8 {[%emt 0:05:16]} 11. Nf4 {[%emt 0:02:25]} Nf8 {[%emt 0:06:32]} 12. Nxe6 {[%emt 0:04:16]} fxe6 {[%emt 0:01:06]} 13. f3 {[%emt 0:13:28]} N6d7 {[%emt 0:02:57]} 14. Bxe7 {[%emt 0:12:43]} Qxe7 {[%emt 0:00:52]} 15. e4 {[%emt 0:00:25]} Nf6 {[%emt 0:08:03]} 16. e5 {[%emt 0:02:50]} Nh5 {[%emt 0:00:48]} 17. f4 {[%emt 0:00:36]} g6 {[%emt 0:00:39]} 18. g4 {[%emt 0:05:15]} Ng7 {[%emt 0:01:03]} 19. f5 {[%emt 0:00:16]} exf5 {[%emt 0:02:20]} 20. gxf5 {[%emt 0:00:07]} gxf5 {[%emt 0:02:06]} 21. Bxf5 {[%emt 0:05:05]} Nxf5 {[%emt 0:02:14]} 22. Qxf5 {[%emt 0:03:06]} Ne6 {[%emt 0:00:53]} 23. Kh1 {[%emt 0:03:26]} Kh8 {[%emt 0:00:13]} 24. Ne2 {[%emt 0:02:13]} Rf8 {[%emt 0:01:07]} 25. Qh3 {[%emt 0:04:16]} Rae8 {[%emt 0:09:22]} 26. Qh6 {[%emt 0:04:41]} Qg7 {[%emt 0:02:41]} 27. Rxf8+ {[%emt 0:00:23]} Qxf8 {[%emt 0:00:30]} 28. Qh5 {[%emt 0:04:12]} Re7 {[%emt 0:01:39]} 29. Rg1 {[%emt 0:00:58]} Rg7 {[%emt 0:03:35]} 30. Rxg7 {[%emt 0:10:20]} Nxg7 {[%emt 0:00:19]} 31. Qh3 {[%emt 0:00:11]} Qf5 {[%emt 0:01:20]} 32. Qe3 {[%emt 0:01:07]} Ne6 {[%emt 0:01:04]} 33. Kg2 {[%emt 0:00:12]} Qg4+ {[%emt 0:00:39]} 34. Kf2 {[%emt 0:00:23]} Qh4+ {[%emt 0:01:35]} 35. Qg3 {[%emt 0:00:30]} Qe4 {[%emt 0:01:08]} 36. Qf3 {[%emt 0:00:27]} Qh4+ {[%emt 0:00:19]} 37. Kg2 {[%emt 0:00:42]} Qg5+ {[%emt 0:01:24]} 38. Kf2 {[%emt 0:00:37]} Qe7 {[%emt 0:24:49]} 39. Ng1 {[%emt 0:01:11]} c5 40. Ne2 {[%emt 0:00:30]} 1/2-1/2

[Event "VIII Iberoamericano Mexico 2022"]
[Site "Mexico City"]
[Date "2022.02.17"]
[Round "6.49"]
[White "Ocampo, Cristina"]
[Black "Santiago Gonzalez, Frida"]
[Result "1-0"]
[WhiteElo "2024"]
[BlackElo "1758"]
[Annotator "NA"]
[PlyCount "73"]
[EventDate "2022.02.12"]
[EventType "swiss"]
[EventCountry "MEX"]
[SourceTitle "playchess.com"]
[Source "ChessBase"]
[SourceQuality "1"]
[TimeControl "5400+30"]

1. e4 {[%emt 0:00:03]} g6 {[%emt 0:02:49]} 2. d4 {[%emt 0:01:31]} Bg7 {[%emt 0:00:15]} 3. Nc3 {[%emt 0:01:48]} d6 {[%emt 0:00:24]} 4. f4 {[%emt 0:00:38]} Nf6 {[%emt 0:00:35]} 5. Bd3 {[%emt 0:00:23]} O-O {[%emt 0:00:25]} 6. Nf3 {[%emt 0:00:09]} c5 {[%emt 1:29:02]} 7. dxc5 {[%emt 0:02:58]} dxc5 {[%emt 0:00:00]} 8. e5 {[%emt 0:00:06]} Nd5 {[%emt 0:00:00]} 9. Nxd5 {[%emt 0:00:18]} Qxd5 {[%emt 0:00:00]} 10. Qe2 {[%emt 0:00:06]} Bg4 {[%emt 0:00:00]} 11. Be4 {[%emt 0:01:00]} Qd7 {[%emt 0:00:00]} 12. Be3 {[%emt 0:01:11]} Na6 {[%emt 0:00:00]} 13. O-O {[%emt 0:03:00]} Rad8 {[%emt 0:00:00]} 14. c3 {[%emt 0:13:56]} Qc8 {[%emt 0:00:00]} 15. Rad1 {[%emt 0:12:45]} b6 {[%emt 0:00:00]} 16. Qf2 {[%emt 0:03:23]} Nc7 {[%emt 0:00:00]} 17. Qh4 {[%emt 0:03:20]} Bxf3 {[%emt 0:00:00]} 18. Bxf3 {[%emt 0:00:17]} e6 {[%emt 0:00:00]} 19. c4 {[%emt 0:01:44]} f6 {[%emt 0:00:00]} 20. Rxd8 {[%emt 0:05:47]} Qxd8 {[%emt 0:00:00]} 21. Rd1 {[%emt 0:00:11]} Qe8 {[%emt 0:00:00]} 22. Rd6 {[%emt 0:12:04]} Qa4 {[%emt 0:00:00]} 23. f5 {[%emt 0:00:59]} Qxa2 {[%emt 0:00:00]} 24. Bh6 {[%emt 0:09:02]} g5 {[%emt 0:00:00]} 25. Qh5 {[%emt 0:01:17]} Bxh6 {[%emt 0:00:00]} 26. Qxh6 {[%emt 0:00:21]} Qb1+ {[%emt 0:00:00]} 27. Rd1 {[%emt 0:01:27]} Qxf5 {[%emt 0:00:00]} 28. Rd7 {[%emt 0:00:32]} Qb1+ {[%emt 0:00:00]} 29. Kf2 {[%emt 0:01:28]} Ne8 {[%emt 0:00:00]} 30. exf6 {[%emt 0:17:12]} Qxb2+ {[%emt 0:00:00]} 31. Kg3 {[%emt 0:01:29]} Qe5+ {[%emt 0:00:00]} 32. Kh3 {[%emt 0:00:52]} g4+ {[%emt 0:00:00]} 33. Bxg4 {[%emt 0:00:22]} Qe4 {[%emt 0:00:00]} 34. f7+ {[%emt 0:02:07]} Rxf7 {[%emt 0:02:19]} 35. Bxe6 {[%emt 0:00:06]} Kh8 {[%emt 0:00:24]} 36. Rxf7 {[%emt 0:00:26]} Kg8 {[%emt 0:12:17]} 37. Rf3+ 1-0

[Event "VIII Iberoamericano Mexico 2022"]
[Site "Mexico City"]
[Date "2022.02.17"]
[Round "6.50"]
[White "Carreras Mendiolea, Paulina Adri"]
[Black "Lopez De Nava Hernandez, Carlos"]
[Result "1/2-1/2"]
[WhiteElo "1745"]
[BlackElo "2023"]
[Annotator "NA"]
[PlyCount "232"]
[EventDate "2022.02.12"]
[EventType "swiss"]
[EventCountry "MEX"]
[SourceTitle "playchess.com"]
[Source "ChessBase"]
[SourceQuality "1"]
[TimeControl "5400+30"]

1. e4 {[%emt 0:00:03]} c5 {[%emt 0:08:42]} 2. Nf3 {[%emt 0:00:18]} Nc6 {[%emt 0:00:03]} 3. d4 {[%emt 0:00:07]} cxd4 {[%emt 0:00:03]} 4. Nxd4 {[%emt 0:00:10]} Nf6 {[%emt 0:00:10]} 5. Nc3 {[%emt 0:00:22]} e5 {[%emt 0:00:06]} 6. Ndb5 {[%emt 0:02:18]} d6 {[%emt 0:00:13]} 7. Bg5 {[%emt 0:01:55]} a6 {[%emt 0:00:12]} 8. Na3 {[%emt 0:00:08]} b5 {[%emt 0:00:01]} 9. Nd5 {[%emt 0:00:17]} Be7 {[%emt 0:00:03]} 10. Bxf6 {[%emt 0:17:49]} Bxf6 {[%emt 0:00:03]} 11. c3 {[%emt 0:00:05]} Bg5 {[%emt 0:00:10]} 12. Nc2 {[%emt 0:00:32]} O-O {[%emt 0:00:12]} 13. Be2 {[%emt 0:00:57]} g6 {[%emt 0:02:15]} 14. O-O {[%emt 0:14:48]} Ne7 {[%emt 0:04:02]} 15. a4 {[%emt 0:11:09]} Nxd5 {[%emt 0:05:41]} 16. Qxd5 {[%emt 0:00:14]} Be6 {[%emt 0:00:08]} 17. Qd1 {[%emt 0:00:24]} bxa4 {[%emt 1:16:56]} 18. Rxa4 {[%emt 0:01:12]} a5 {[%emt 0:00:00]} 19. Bc4 {[%emt 0:12:02]} Bxc4 {[%emt 0:00:00]} 20. Rxc4 {[%emt 0:00:15]} Qb6 {[%emt 0:00:00]} 21. b4 {[%emt 0:04:58]} Rac8 {[%emt 0:00:00]} 22. Qd5 {[%emt 0:02:48]} axb4 {[%emt 0:00:00]} 23. Nxb4 {[%emt 0:00:22]} Rc5 {[%emt 0:00:00]} 24. Qd3 {[%emt 0:13:51]} Rfc8 {[%emt 0:00:00]} 25. Rxc5 {[%emt 0:00:49]} dxc5 {[%emt 0:00:00]} 26. Nd5 {[%emt 0:00:30]} Qa5 {[%emt 0:00:00]} 27. h4 {[%emt 0:02:06]} Bxh4 {[%emt 0:00:00]} 28. Qh3 {[%emt 0:00:11]} Qd8 {[%emt 0:00:00]} 29. Rd1 {[%emt 0:00:55]} c4 {[%emt 0:00:00]} 30. g3 {[%emt 0:01:48]} Bg5 {[%emt 0:00:00]} 31. Nf6+ {[%emt 0:00:14]} Bxf6 {[%emt 0:00:00]} 32. Rxd8+ {[%emt 0:00:19]} Rxd8 {[%emt 0:00:00]} 33. Qf1 {[%emt 0:00:17]} Rd3 {[%emt 0:00:03]} 34. Qa1 {[%emt 0:00:11]} Bg5 {[%emt 0:01:35]} 35. Qa5 {[%emt 0:01:42]} f6 {[%emt 0:00:22]} 36. Qa8+ {[%emt 0:01:21]} Kg7 {[%emt 0:00:11]} 37. Qa5 {[%emt 0:05:15]} Kh6 {[%emt 0:01:41]} 38. Qb4 {[%emt 0:00:45]} Bd2 {[%emt 0:01:23]} 39. Qxc4 {[%emt 0:01:50]} Rxc3 {[%emt 0:00:08]} 40. Qe6 {[%emt 0:00:35]} Bg5 {[%emt 0:04:37]} 41. Kg2 {[%emt 0:00:45]} Rd3 {[%emt 0:00:36]} 42. Qf7 {[%emt 0:01:34]} Rd2 {[%emt 0:01:18]} 43. Qf8+ {[%emt 0:02:29]} Kh5 {[%emt 0:00:04]} 44. Kh3 {[%emt 0:00:07]} Rd3 {[%emt 0:00:33]} 45. Qc8 {[%emt 0:01:14]} Kh6 {[%emt 0:00:48]} 46. Qf8+ {[%emt 0:00:13]} Kh5 {[%emt 0:00:03]} 47. Qg7 {[%emt 0:00:21]} Rf3 {[%emt 0:01:03]} 48. Qxh7+ {[%emt 0:00:18]} Bh6 {[%emt 0:00:06]} 49. Qd7 {[%emt 0:00:09]} f5 {[%emt 0:00:36]} 50. exf5 {[%emt 0:01:38]} gxf5 {[%emt 0:00:01]} 51. Qe7 {[%emt 0:00:39]} Rxf2 {[%emt 0:00:47]} 52. Qxe5 {[%emt 0:00:32]} Kg6 {[%emt 0:00:26]} 53. Qd6+ {[%emt 0:00:22]} Kh5 {[%emt 0:00:26]} 54. Qd4 {[%emt 0:00:37]} Rd2 {[%emt 0:00:21]} 55. g4+ {[%emt 0:00:28]} Kg6 {[%emt 0:00:26]} 56. Qb6+ {[%emt 0:00:18]} Kg7 {[%emt 0:01:11]} 57. gxf5 {[%emt 0:00:33]} Rd3+ {[%emt 0:00:39]} 58. Kg4 {[%emt 0:00:06]} Bd2 {[%emt 0:00:28]} 59. Qg6+ {[%emt 0:00:20]} Kf8 {[%emt 0:00:18]} 60. f6 {[%emt 0:00:22]} Rd7 {[%emt 0:00:41]} 61. Kf5 {[%emt 0:00:24]} Bb4 {[%emt 0:00:23]} 62. Ke6 {[%emt 0:01:22]} Rd6+ {[%emt 0:00:02]} 63. Ke5 {[%emt 0:00:08]} Rd7 {[%emt 0:00:10]} 64. Qh6+ {[%emt 0:00:22]} Kg8 {[%emt 0:00:35]} 65. Qg6+ {[%emt 0:00:50]} Kf8 {[%emt 0:00:02]} 66. Qg4 {[%emt 0:00:41]} Bc3+ {[%emt 0:01:34]} 67. Ke6 {[%emt 0:00:16]} Rc7 {[%emt 0:00:22]} 68. Qe4 {[%emt 0:00:55]} Bxf6 {[%emt 0:00:53]} 69. Kxf6 {[%emt 0:00:25]} Rf7+ {[%emt 0:00:09]} 70. Kg6 {[%emt 0:00:09]} Rg7+ {[%emt 0:00:06]} 71. Kh6 {[%emt 0:00:07]} Re7 {[%emt 0:00:17]} 72. Qd5 {[%emt 0:01:14]} Re8 {[%emt 0:01:35]} 73. Qd6+ {[%emt 0:00:35]} Kf7 {[%emt 0:00:20]} 74. Qd7+ {[%emt 0:00:26]} Re7 {[%emt 0:00:03]} 75. Qf5+ {[%emt 0:00:06]} Ke8 {[%emt 0:00:33]} 76. Qd5 {[%emt 0:00:45]} Rd7 {[%emt 0:00:17]} 77. Qc6 {[%emt 0:00:34]} Ke7 {[%emt 0:00:16]} 78. Kg5 {[%emt 0:00:35]} Rd6 {[%emt 0:00:13]} 79. Qc5 {[%emt 0:00:05]} Ke6 {[%emt 0:00:20]} 80. Kf4 {[%emt 0:00:26]} Rd5 {[%emt 0:00:42]} 81. Qc4 {[%emt 0:00:15]} Kd6 {[%emt 0:00:20]} 82. Ke4 {[%emt 0:00:17]} Re5+ {[%emt 0:00:45]} 83. Kd4 {[%emt 0:00:57]} Rf5 {[%emt 0:00:26]} 84. Qa6+ {[%emt 0:00:48]} Ke7 {[%emt 0:00:16]} 85. Qg6 {[%emt 0:00:38]} Rf6 {[%emt 0:00:12]} 86. Qg7+ {[%emt 0:00:24]} Ke6 {[%emt 0:00:15]} 87. Ke4 {[%emt 0:00:11]} Rf7 {[%emt 0:02:13]} 88. Qg4+ {[%emt 0:00:57]} Kf6 {[%emt 0:00:41]} 89. Qf5+ {[%emt 0:00:14]} Kg7 {[%emt 0:00:28]} 90. Qg5+ {[%emt 0:00:23]} Kf8 {[%emt 0:00:06]} 91. Ke5 {[%emt 0:00:11]} Re7+ {[%emt 0:00:38]} 92. Kf6 {[%emt 0:00:13]} Rf7+ {[%emt 0:00:48]} 93. Ke6 {[%emt 0:00:10]} Rf1 {[%emt 0:00:30]} 94. Qg6 {[%emt 0:01:46]} Re1+ {[%emt 0:00:18]} 95. Kf6 {[%emt 0:00:38]} Rf1+ {[%emt 0:00:12]} 96. Ke5 {[%emt 0:00:30]} Re1+ {[%emt 0:00:11]} 97. Kf4 {[%emt 0:00:16]} Rf1+ {[%emt 0:00:11]} 98. Ke3 {[%emt 0:00:13]} Rf7 {[%emt 0:00:28]} 99. Ke4 {[%emt 0:00:08]} Rg7 {[%emt 0:00:27]} 100. Qf6+ {[%emt 0:00:09]} Rf7 {[%emt 0:00:14]} 101. Qh6+ {[%emt 0:00:14]} Ke8 {[%emt 0:01:15]} 102. Qg6 {[%emt 0:01:12]} Kf8 {[%emt 0:00:35]} 103. Ke5 {[%emt 0:00:13]} Rf1 {[%emt 0:00:27]} 104. Qg2 {[%emt 0:01:06]} Rf7 {[%emt 0:00:29]} 105. Qg6 {[%emt 0:00:57]} Rf1 {[%emt 0:00:11]} 106. Qh6+ {[%emt 0:00:35]} Kg8 {[%emt 0:00:50]} 107. Qa6 {[%emt 0:00:31]} Rf7 {[%emt 0:00:26]} 108. Qg6+ {[%emt 0:00:25]} Kf8 {[%emt 0:00:14]} 109. Ke6 {[%emt 0:00:32]} Rf1 {[%emt 0:00:41]} 110. Qh6+ {[%emt 0:00:33]} Kg8 {[%emt 0:00:34]} 111. Qg6+ {[%emt 0:00:24]} Kf8 {[%emt 0:00:06]} 112. Qh6+ {[%emt 0:00:35]} Kg8 {[%emt 0:00:06]} 113. Qg6+ {[%emt 0:00:28]} Kf8 {[%emt 0:02:44]} 114. Qh6+ {[%emt 0:01:05]} Kg8 {[%emt 0:00:30]} 115. Qg5+ {[%emt 0:00:30]} Kf8 {[%emt 0:00:30]} 116. Qg6 {[%emt 0:00:30]} Re1+ {[%emt 0:00:30]} 1/2-1/2